000 00992nam a2200253Ia 4500
003 OSt
005 20220923215002.0
006 a|||||r|||| 00| 0
007 ta
008 220922b |||||||| |||| 00| 0 hin d
024 _a174,617
037 _cTextual
040 _aARTS
_cARTS
_bhin
041 _2hin
_ahin
082 _aO152:g, K9
100 _aमानावत, नरेन्द्र; मानावत, शान्ता
_9163539
245 0 _aहिन्दी साहित्य की प्रमुख कृतियां और कृतिकार
246 _aHindī sāhitya kī pramukh kṛutiyāan aur kṛutikāra
260 _aजयपुुर
_b अनुपम प्रका0
_c1969
300 _a307पृ.
_ccm.
650 _aहिन्दी साहित्य
_9156264
942 _hO152:g, K9
_cTEXL
_2CC
999 _c328321
_d328321